000 00993nam a22002177a 4500
999 _c62272
_d62272
005 20251125233058.0
008 s2553 th ||||| |||| 00| 0 tha d
020 _a9786169062523
040 _aNALT
050 _aJQ1745.A5 ป452ก 2553
100 0 _aปราโมทย์ นาครทรรพ
245 1 0 _aเก่งมาจากไหนจึงไม่เอากษัตริย์
260 3 _aกรุงเทพฯ :
_bภูมิทอง,
_c2553
300 _a165 หน้า :
_b ภาพประกอบ ;
_c 21 ซม.
650 0 4 _aทักษิณ ชินวัตร, 2492--
650 0 4 _aไทย -- การเมืองและการปกครอง -- วิจารณ์
850 _aNALT
856 4 0 _uhttps://hdl.handle.net/20.500.14156/338070
_71
942 _cGB
_2lcc
_02
998 _j111
_k นางสาวพจพิณ พรมเอี่ยม